00715nam a22001697a 450000500170000000800410001702000180005805000220007610000280009824501380012625000360026426000630030030000280036350400520039165000610044365000410050420260204095245.0150923b ag ||||| |||| 00| 0 spa d a978950508843004aKHA5936bD36 20091 aD' Antonio, Daniel Hugo13aEl menor ante el delito b : incapacidad penal del menor régimen jurídico, prevención y tratamiento c / Daniel Hugo D' Antonio a3a ed. bampliada y actualizada aBuenos Aires :bAstrea de Alfredo y Ricardo Depalma,c2009 axxiii, 300 p. ;c23 cm. aIncluye apéndice, bibliografía : p. 293-300 72lembaAdministración de justicia de menoreszArgentina 72lembaDelicuencia juvenilzArgentina